Learning vocabulary in English as second language by adults /
Saved in:
| 主要作者: | |
|---|---|
| 格式: | Thesis 图书 |
| 语言: | English |
| 出版: |
2006.
|
| 主题: | |
| 标签: |
添加标签
没有标签, 成为第一个标记此记录!
|
| LEADER | 00926cam a2200253 a 4500 | ||
|---|---|---|---|
| 001 | u749229 | ||
| 003 | SIRSI | ||
| 005 | 200712070832 | ||
| 008 | 071207s2006 my t 000 0 eng m | ||
| 040 | |a UMM | ||
| 043 | |a a-my--- | ||
| 090 | |a LB7 |b UMP 2006 Kan | ||
| 100 | 1 | |a Kandiah, Pansy Amirthamalar. | |
| 245 | 1 | 0 | |a Learning vocabulary in English as second language by adults / |c Pansy Amirthamalar Kandiah. |
| 260 | |c 2006. | ||
| 300 | |a xiii, 378 leaves ; |c 30 cm. | ||
| 502 | |a Thesis (Ph.D.) -- Fakulti Pendidikan, Universiti Malaya, 2007. | ||
| 504 | |a Bibliography: leaves 300-309. | ||
| 650 | 0 | |a English language |x Study and teaching |z Malaysia. | |
| 650 | 0 | |a Vocabulary |x Study and teaching |x Foreign speakers. | |
| 710 | 2 | |a Universiti Malaya. |b Fakulti Pendidikan. | |
| 900 | |a SK | ||
| 596 | |a 1 | ||
| 999 | |a LB7 UMP 2007 KAN |w LC |c 1 |i A513204801 |d 21/4/2017 |e 21/4/2017 |f 18/12/2007 |g 1 |l STACKS |m P01UTAMA |n 24 |r Y |s Y |t TESIS |u 18/12/2007 | ||
